Villes de France non desservies par les transports ferrés - Statistiques

Statistiques générales
  • Ce quiz a été pris 10 fois
  • Le résultat moyen est 26 sur 73
Statistiques - réponses
Département Aire urbaine d'attraction Population 2023 Réponse % Correct
64 Bayonne - Biarritz 43 271 Anglet
78%
54 Nancy 29 942 Vandoeuvre-lès-Nancy
78%
07 17 274 Annonay
67%
35 20 307 Fougères
67%
56 Lorient 23 263 Lanester
67%
44 Nantes 20 921 Carquefou
56%
29 20 845 Concarneau
56%
06 Cannes 41 938 Le Cannet
56%
60 15 157 Senlis
56%
31 Toulouse 30 168 Tournefeuille
56%
06 Nice 19 917 Vence
56%
59 Lille 40 847 Wattrelos
56%
13 Marseille 21 443 Allauch
44%
49 23 989 Beaupréau-en-Mauges
44%
26 Valence 19 992 Bourg-lès-Valence
44%
83 17 850 Brignoles
44%
78 Poissy 20 825 Carrières-sous-Poissy
44%
13 Avignon 16 545 Châteaurenard
44%
78 Versailles 26 365 Elancourt
44%
94 Grand Paris 29 528 Fresnes
44%
33 Bordeaux 26 952 Gradignan
44%
44 16 804 Guérande
44%
57 Metz 21 718 Montigny-lès-Metz
44%
56 Lorient 18 872 Ploemeur
44%
47 22 350 Villeneuve-sur-Lot
44%
40 15 836 Biscarosse
33%
62 Béthune 21 424 Bruay-la-Buissière
33%
53 16 584 Château-Gontier
33%
31 Toulouse 20 662 Cugnaux
33%
78 Versailles 29 778 Guyancourt
33%
59 Lille 20 715 Halluin
33%
72 14 947 La Flèche
33%
83 Toulon 23 719 La Valette-du-Var
33%
78 Versailles 30 689 Le Chesnay-Rocquencourt
33%
84 Avignon 18 386 Le Pontet
33%
85 16 521 Les Herbiers
33%
13 Marseille 22 537 Les Pennes-Mirabeau
33%
91 Palaiseau 25 886 Les Ulis
33%
94 Grand Paris 27 406 Limeil-Brévannes
33%
27 18 705 Louviers
33%
49 18 695 Mauges-sur-Loire
33%
06 Cannes 19 782 Mougins
33%
60 Creil 21 907 Nogent-sur-Oise
33%
31 Toulouse 21 079 Plaisance-du-Touch
33%
83 Draguignan 15 442 Roquebrune-sur-Argens
33%
69 Lyon 21 692 Sainte-Foy-lès-Lyon
33%
42 Andrézieux-Bouthéon 15 764 Saint-Just-Saint-Rambert
33%
33 Bordeaux 32 910 Saint-Médard-en-Jalles
33%
45 Orléans 17 316 Saran
33%
49 17 667 Segré
33%
38 19 445 Villefontaine
33%
68 Mulhouse 15 553 Wittenheim
33%
13 Marseille 15 381 Bouc-Bel-Air
22%
77 19 003 Brie-Comte-Robert
22%
62 Lens 17 909 Carvin
22%
13 Marseille 18 455 Châteauneuf-lès-Martigues
22%
91 Melun 30 098 Draveil
22%
59 Lille 18 582 Hem
22%
78 Versailles 20 629 Maurepas
22%
38 Grenoble 18 770 Meylan
22%
95 Grand Paris 21 763 Montmorency
22%
49 15 726 Montrevault
22%
93 Grand Paris 39 800 Neuilly-sur-Marne
22%
37 Tours 14 999 Saint-Avertin
22%
44 Nantes 16 400 Sainte-Luce-sur-Loire
22%
83 17 896 Saint-Maximin-la-Sainte-Baume
22%
57 Thionville 17 391 Yutz
22%
78 Versailles 16 586 Bois-d'Arcy
11%
31 Toulouse 15 317 Castanet-Tolosan
11%
59 Lille 18 619 Faches-Thumesnil
11%
77 Marne-la-Vallée 15 687 Montévrain
11%
95 Cergy-Pontoise 16 079 Vauréal
11%
95 Cergy-Pontoise 17 854 Jouy-le-Moutier
0%
Aucun quiz correspondant
Distribution des résultats
% des personnes avec chaque résultat
Percentile par nombre de réponses
Votre historique - résultats
Vous n’avez pas pris ce quiz